000 00568 a2200193 4500
001 63934
005 20260521160826.0
008 260521a arg spa d
003 AR-UNSa-BCEJYS
040 _aAR-UNSa-BCEJYS
_bspa
_cAR-UNSa-BCEJYS
080 _a658
_xAdministración de empresas. Organización comercial
245 1 0 _aEconomía y organización de empresas
264 1 _aBuenos Aires :
_bLiceo Profesional Cima
300 _a2 v.
_c24 cm.
041 _aspa
942 _cBK
590 _aniveau_biblio:m niveau_hierar:0
100 1 _aMascia, Alfredo A.
999 _c36419
_d36419